000 00628nam a2200205Ii 4500
003 JO-AjNU
008 230605s9999||||xx |||||||||||||| ||und||
040 _aJO-AjNU
_bara
_erda
_cJO-AjNU
041 _aara
050 1 4 _aDS318.H3 1983
100 3 _aهيكل، محمد حسنين,
_eauthor
_941620
245 0 0 _aمدافع آية الله: قصة إيران والثورة
250 _aط3
264 3 1 _aبيروت: دار الشروق، 1983
300 _a273ص
336 _atext
_btxt
_2rdacontent
337 _aunmediated
_bn
_2rdamedia
338 _avolume
_bnc
_2rdacarrier
650 4 _aايران-تاريخ
_941621
999 _aA17758
_c21326
_d21326